| 000 | 00439nam a2200157Ia 4500 | ||
|---|---|---|---|
| 008 | 151213s9999 xx 000 0 und d | ||
| 100 | _aProfs. S. M. Afzal Qudri | ||
| 245 |
_aAhmad Siddique's Crimonology Problems & Perspective's _cProfs. S. M. Afzal Qudri |
||
| 250 | _a5th | ||
| 260 |
_aLacknow _bEastern Book Co. _c2005 |
||
| 300 | _a3735 p. | ||
| 650 | _aLaw | ||
| 650 | _aLaw | ||
| 700 | _aProfs. S. M. Afzal Qudri | ||
| 999 |
_c2471 _d2471 |
||